000 00426nam a2200157Ia 4500
008 230917s9999||||xx |||||||||||||| ||und||
020 _cRS150
040 _e16622
_aMAIN
041 _aEnglish
082 _a301.4 F975A
100 _aFurer Haimendort, Christoph Van, ed.
245 0 _aAsian highland societies: in anthropological perspective
260 _aNew Delhi
_bSterling
_c1981
300 _axvi,265 p.
942 _cBK
999 _c218984
_d218984